[Event "BL 0910 SV Mülheim Nord - H.Handschuhsh"]
[Site "?"]
[Date "2010.04.11"]
[Round "15.7"]
[White "Vatter, Hans-Joachim"]
[Black "Schebler, Gerhard"]
[Result "1/2-1/2"]
[WhiteElo "2321"]
[BlackElo "2486"]
[PlyCount "76"]
[EventDate "2010.??.??"]

1. e4 c6 2. d4 d5 3. exd5 cxd5 4. c4 Nf6 5. Nc3 Nc6 6. Nf3 Bg4 7. cxd5 Nxd5 8.
Qb3 Bxf3 9. gxf3 e6 10. Qxb7 Nxd4 11. Bb5+ Nxb5 12. Qc6+ Ke7 13. Qxb5 Nxc3 14.
bxc3 Rb8 15. Qc5+ Ke8 16. Qxa7 Bd6 17. Qa4+ Qd7 18. Qxd7+ Kxd7 19. Be3 Rhc8 20.
Kd2 Be5 21. Rhc1 Rb5 22. Rc2 Bxh2 23. a4 Ra5 24. Bb6 Bf4+ 25. Ke2 Re5+ 26. Kf1
Rh5 27. Ke2 Re5+ 28. Kf1 Rh5 29. Ke2 Bc7 30. a5 Rb5 31. c4 Rb3 32. c5 Kc6 33.
Rd1 Ra8 34. Rd4 g5 35. Bxc7 Kxc7 36. c6 Rd8 37. Rxd8 Kxd8 38. Rd2+ Kc7 1/2-1/2

[Event "BL 0910 SV Mülheim Nord - H.Handschuhsh"]
[Site "?"]
[Date "2010.04.11"]
[Round "15.8"]
[White "Litwak, Aleksej"]
[Black "Roos, Jean-Luc"]
[Result "1/2-1/2"]
[WhiteElo "2290"]
[BlackElo "2260"]
[PlyCount "63"]
[EventDate "2010.??.??"]

1. e4 e6 2. d4 d5 3. Nd2 Nf6 4. e5 Nfd7 5. Bd3 c5 6. c3 Nc6 7. Ne2 cxd4 8. cxd4
Qb6 9. Nf3 f6 10. exf6 Nxf6 11. O-O Bd6 12. b3 O-O 13. Bf4 Bxf4 14. Nxf4 Ne4
15. Ne2 Bd7 16. Bxe4 dxe4 17. Ng5 Rad8 18. Qd2 Bc8 19. Qe3 h6 20. Nxe4 Nxd4 21.
Nxd4 Qxd4 22. Qxd4 Rxd4 23. f3 b6 24. Rfd1 Rfd8 25. Rxd4 Rxd4 26. Kf2 Bb7 27.
Ke3 Rd7 28. Rc1 Kf7 29. h4 Bxe4 30. fxe4 Kf6 31. Rc8 Ke5 32. Ra8 1/2-1/2

[Event "BL 0910 SF Katernberg - OSG Baden Baden"]
[Site "?"]
[Date "2010.04.11"]
[Round "15.1"]
[White "Shirov, Alexei"]
[Black "Chuchelov, Vladimir"]
[Result "1/2-1/2"]
[WhiteElo "2730"]
[BlackElo "2598"]
[PlyCount "81"]
[EventDate "2010.??.??"]

1. e4 c5 2. Nf3 e6 3. d4 cxd4 4. Nxd4 a6 5. Bd3 g6 6. O-O Bg7 7. Be3 Nf6 8. c4
d6 9. Nc3 O-O 10. Qd2 Nc6 11. Rad1 Ne5 12. Nf3 Nxf3+ 13. gxf3 Qc7 14. Be2 Ne8
15. Na4 Bd7 16. Nb6 Rd8 17. b4 f5 18. c5 Bc6 19. Bc4 fxe4 20. Bxe6+ Kh8 21.
fxe4 Bxe4 22. Bg5 Nf6 23. Qf4 Bc6 24. Rxd6 Rde8 25. Re1 Ne4 26. Rxc6 Rxf4 27.
Rxc7 Nxg5 28. Nd5 Rd4 29. Rxb7 Nf3+ 30. Kf1 Nxe1 31. Bf7 Re5 32. c6 Bf8 33. c7
Rc4 34. Nb6 Rxc7 35. Rxc7 Bxb4 36. a3 Ba5 37. Rc8+ Kg7 38. Nc4 Rh5 39. Nxa5
Kxf7 40. Rc7+ Kf8 41. Kxe1 1/2-1/2

[Event "BL 0910 SF Katernberg - OSG Baden Baden"]
[Site "?"]
[Date "2010.04.11"]
[Round "15.2"]
[White "Seel, Christian"]
[Black "Bacrot, Etienne"]
[Result "0-1"]
[WhiteElo "2493"]
[BlackElo "2709"]
[PlyCount "126"]
[EventDate "2010.??.??"]

1. Nf3 Nf6 2. c4 e6 3. g3 d5 4. d4 dxc4 5. Bg2 Nc6 6. Qa4 Nd7 7. Qxc4 Nb6 8.
Qd3 e5 9. Nxe5 Nb4 10. Qd1 Qxd4 11. Qxd4 Nc2+ 12. Kf1 Nxd4 13. Nc3 g6 14. Nf3
Ne6 15. Ng5 c6 16. Nce4 Be7 17. Nxe6 Bxe6 18. Bg5 Bxg5 19. Nxg5 Rd8 20. Nxe6
fxe6 21. b3 Rd2 22. Bf3 Ke7 23. Kg2 Rhd8 24. a4 R8d4 25. a5 Nd5 26. Rhc1 Kd6
27. Kf1 Rb2 28. Rc4 e5 29. Rac1 Rxb3 30. Bxd5 Kxd5 31. Rc5+ Kd6 32. a6 Rd1+ 33.
Rxd1+ Kxc5 34. axb7 Rxb7 35. Ra1 Rd7 36. Ke1 e4 37. h4 Kb4 38. Rb1+ Kc4 39.
Rc1+ Kb5 40. Rb1+ Kc5 41. Rc1+ Kd5 42. Rd1+ Ke6 43. Rc1 Rc7 44. Ra1 c5 45. Kd2
Kd5 46. Kc3 Rf7 47. Rf1 a5 48. f3 exf3 49. exf3 a4 50. Rd1+ Kc6 51. Rd3 Ra7 52.
Kb2 c4 53. Rd8 a3+ 54. Ka2 Kc5 55. g4 c3 56. f4 Kc4 57. f5 gxf5 58. Rc8+ Kd3
59. gxf5 Rd7 60. Kxa3 c2 61. f6 Kd2 62. f7 Rxf7 63. Rd8+ Kc1 0-1

[Event "BL 0910 SF Katernberg - OSG Baden Baden"]
[Site "?"]
[Date "2010.04.11"]
[Round "15.3"]
[White "Adams, Michael"]
[Black "Bischoff, Klaus"]
[Result "1-0"]
[WhiteElo "2682"]
[BlackElo "2561"]
[PlyCount "125"]
[EventDate "2010.??.??"]

1. e4 e6 2. d4 d5 3. Nd2 Nf6 4. e5 Nfd7 5. Bd3 c5 6. c3 Nc6 7. Ne2 Be7 8. Nf3
a5 9. a4 cxd4 10. cxd4 Ndb8 11. Nc3 Nb4 12. Be2 N8c6 13. h4 h6 14. Be3 Bd7 15.
Qd2 Qb6 16. Rc1 O-O-O 17. g3 Kb8 18. Kf1 Rc8 19. Kg2 Na7 20. Ra1 Rc7 21. h5
Rhc8 22. Rhc1 Rc6 23. Qd1 Qd8 24. Ne1 R6c7 25. Nd3 Nxd3 26. Bxd3 Bb4 27. Bd2
Qf8 28. Rcb1 Be8 29. Nb5 Nxb5 30. axb5 Bxd2 31. Qxd2 Qb4 32. Qxb4 axb4 33. Ra4
Rc1 34. Rxc1 Rxc1 35. Rxb4 Rd1 36. Rb3 b6 37. g4 Ra1 38. Ra3 Rd1 39. Rb3 Ra1
40. Kf3 Rg1 41. Be2 f6 42. Ke3 fxe5 43. dxe5 Ra1 44. Kd2 Rb1 45. Rb4 Kc7 46.
Bd3 Ra1 47. Rf4 Kd8 48. Rf8 Ke7 49. Rg8 Kf7 50. Rh8 Ke7 51. Rg8 Kf7 52. Rh8 Ke7
53. Bg6 Bxg6 54. hxg6 Rf1 55. Ke2 Rb1 56. Rg8 Rxb2+ 57. Kf3 Rb3+ 58. Kf4 Rb4+
59. Kg3 d4 60. Rxg7+ Kf8 61. Rf7+ Kg8 62. Rd7 Rxb5 63. Kf4 1-0

[Event "BL 0910 SF Katernberg - OSG Baden Baden"]
[Site "?"]
[Date "2010.04.11"]
[Round "15.4"]
[White "Zaragatski, Ilja"]
[Black "Naiditsch, Arkadij"]
[Result "1/2-1/2"]
[WhiteElo "2475"]
[BlackElo "2685"]
[PlyCount "52"]
[EventDate "2010.??.??"]

1. Nf3 Nf6 2. g3 d5 3. Bg2 c5 4. O-O Nc6 5. d4 e6 6. c4 dxc4 7. Qa4 Bd7 8. Qxc4
cxd4 9. Nxd4 Rc8 10. Nc3 Nxd4 11. Qxd4 Bc5 12. Qh4 O-O 13. Bg5 h6 14. Bxf6 Qxf6
15. Qxf6 gxf6 16. Bxb7 Rb8 17. Bf3 Rxb2 18. Rfd1 Be8 19. Ne4 Be7 20. Nd6 Ba4
21. Rd4 Bc2 22. Nc4 Rb4 23. Rc1 Ba4 24. a3 Rb3 25. Nd2 Rxa3 26. Rc7 Re8 1/2-1/2

[Event "BL 0910 SF Katernberg - OSG Baden Baden"]
[Site "?"]
[Date "2010.04.11"]
[Round "15.5"]
[White "Vallejo Pons, Francisco"]
[Black "Siebrecht, Sebastian"]
[Result "1-0"]
[WhiteElo "2696"]
[BlackElo "2456"]
[PlyCount "121"]
[EventDate "2010.??.??"]

1. e4 c5 2. Nf3 e6 3. d4 cxd4 4. Nxd4 a6 5. Bd3 Bc5 6. Nb3 Be7 7. Qg4 Bf6 8.
Qg3 Nc6 9. Nc3 Nge7 10. Bf4 e5 11. Bg5 Bxg5 12. Qxg5 O-O 13. O-O-O d6 14. Kb1
Be6 15. h4 b5 16. Nd5 h6 17. Nxe7+ Nxe7 18. Qe3 b4 19. f4 exf4 20. Qxf4 Ng6 21.
Qg3 Qb6 22. Be2 Ne5 23. Nd4 Qc5 24. Nf5 Bxf5 25. exf5 f6 26. Qb3+ Kh8 27. g4 a5
28. g5 a4 29. Qd5 Qf2 30. Qd2 Qxf5 31. Rhf1 Qe4 32. gxh6 b3 33. hxg7+ Kxg7 34.
Rg1+ Kh7 35. Rge1 bxc2+ 36. Qxc2 Qxc2+ 37. Kxc2 Rfc8+ 38. Kb1 a3 39. bxa3 Rab8+
40. Ka1 Rc2 41. Rb1 Ra8 42. Bd1 Rh2 43. Rb7+ Kh6 44. Rf1 Rxh4 45. Rxf6+ Kg5 46.
Rxd6 Rh1 47. Rd5 Re1 48. a4 Kf5 49. Kb2 Re3 50. Bb3 Ke4 51. Rb4+ Kf3 52. Rbb5
Kf4 53. a5 Re4 54. Rbc5 Rb8 55. Ka3 Ra8 56. Rd6 Re3 57. a6 Nd3 58. Rc4+ Ke5 59.
Rcc6 Nf4 60. Rd7 Rd3 61. Re7+ 1-0

[Event "BL 0910 SF Katernberg - OSG Baden Baden"]
[Site "?"]
[Date "2010.04.11"]
[Round "15.7"]
[White "Gustafsson, Jan"]
[Black "Hoolt, Sarah"]
[Result "1-0"]
[WhiteElo "2622"]
[BlackElo "2225"]
[PlyCount "57"]
[EventDate "2010.??.??"]

1. Nf3 e6 2. c4 d5 3. d4 c6 4. Qc2 f5 5. Bf4 Nf6 6. e3 Be7 7. Nc3 O-O 8. Bd3
Ne4 9. g4 Qa5 10. Ke2 Na6 11. a3 Nxc3+ 12. bxc3 Kh8 13. cxd5 cxd5 14. Rab1 Nc7
15. Ne5 Ne8 16. gxf5 exf5 17. h4 Nd6 18. h5 Ne4 19. Rb3 Bg5 20. Bxg5 Nxg5 21.
h6 g6 22. Qb2 b6 23. Rb5 Qa4 24. c4 Bb7 25. cxd5 f4 26. e4 Ba6 27. f3 Nf7 28.
d6 Rac8 29. Nxg6+ 1-0

[Event "BL 0910 SF Katernberg - OSG Baden Baden"]
[Site "?"]
[Date "2010.04.11"]
[Round "15.8"]
[White "Kotainy, Jens"]
[Black "Dautov, Rustem"]
[Result "0-1"]
[WhiteElo "2243"]
[BlackElo "2596"]
[PlyCount "30"]
[EventDate "2010.??.??"]

1. e4 c6 2. c4 d5 3. cxd5 cxd5 4. exd5 Nf6 5. Qa4+ Nbd7 6. Nc3 g6 7. Nf3 Bg7 8.
Bc4 a6 9. O-O O-O 10. Re1 b5 11. Bxb5 Nb6 12. Qb3 axb5 13. Ne5 Qd6 14. Nc6 Re8
15. Nb4 Bb7 0-1

[Event "BL 1011 SK Delmenhorst - Schachfr. Berl"]
[Site "?"]
[Date "2010.10.09"]
[Round "1.5"]
[White "Schneider, Ilja"]
[Black "Luch, Michal"]
[Result "1/2-1/2"]
[WhiteElo "2519"]
[BlackElo "2385"]
[PlyCount "49"]
[EventDate "2010.??.??"]

1. Nf3 d5 2. d4 Nf6 3. c4 e6 4. g3 dxc4 5. Bg2 Be7 6. O-O O-O 7. Qc2 a6 8. a4
Bd7 9. Qxc4 Bc6 10. Bg5 a5 11. Nc3 Na6 12. Rfd1 Nb4 13. Rac1 h6 14. Bxf6 Bxf6
15. e4 Rc8 16. h4 b6 17. d5 exd5 18. exd5 Bb7 19. Nd4 Ba6 20. Ncb5 Be5 21. Bh3
Rb8 22. Qb3 Bxb5 23. Nxb5 Na6 24. Na7 Nc5 25. Qc2 1/2-1/2

[Event "BL 1011 SK Delmenhorst - Schachfr. Berl"]
[Site "?"]
[Date "2010.10.09"]
[Round "1.6"]
[White "Meyer, Malte"]
[Black "Agopov, Mikail"]
[Result "1/2-1/2"]
[WhiteElo "2348"]
[BlackElo "2419"]
[PlyCount "121"]
[EventDate "2010.??.??"]

1. d4 Nf6 2. c4 e6 3. Nf3 c5 4. g3 cxd4 5. Nxd4 d5 6. Bg2 e5 7. Nb3 Be6 8. Bg5
Bb4+ 9. Kf1 e4 10. cxd5 Qxd5 11. Qxd5 Bxd5 12. Bxf6 gxf6 13. N1d2 f5 14. a3
Bxd2 15. Nxd2 Ke7 16. Nb1 Nc6 17. Nc3 Rad8 18. g4 Bc4 19. gxf5 Rd2 20. b3 Bxb3
21. Nxe4 Rc2 22. Ng3 Rg8 23. Be4 Rb2 24. f6+ Kxf6 25. Bxh7 Re8 26. Rb1 Rxb1+
27. Bxb1 Nd4 28. Bd3 Bc2 29. Bxc2 Nxc2 30. a4 Re5 31. Kg2 Ra5 32. Rc1 Na3 33.
Rc7 Rxa4 34. Rxb7 Nc4 35. Ne4+ Kg6 36. Nc3 Ra1 37. Rc7 Nd2 38. Rd7 Nb3 39. Rb7
Nd2 40. Rb2 Nc4 41. Rb4 Nd2 42. Ra4 Rxa4 43. Nxa4 a5 44. Kg3 Nf1+ 45. Kg2 Nd2
46. f3 f5 47. Kg3 Nf1+ 48. Kf4 Nxh2 49. Nb6 Nf1 50. Nd5 a4 51. Ne7+ Kf6 52.
Nxf5 a3 53. Nd4 a2 54. Nc2 Ke6 55. Ke4 Ng3+ 56. Kd3 Ke5 57. e3 Kf5 58. Kd4 Nf1
59. f4 Ng3 60. Kd3 Nh5 61. Nd4+ 1/2-1/2

[Event "BL 1011 SK Delmenhorst - Schachfr. Berl"]
[Site "?"]
[Date "2010.10.09"]
[Round "1.7"]
[White "Thiede, Lars"]
[Black "Margraf, Daniel"]
[Result "1-0"]
[WhiteElo "2445"]
[BlackElo "2264"]
[PlyCount "99"]
[EventDate "2010.??.??"]

1. c4 e5 2. g3 Nf6 3. Bg2 g6 4. Nc3 Bg7 5. Nf3 d6 6. O-O O-O 7. d3 Re8 8. h3 c6
9. e4 Nbd7 10. Re1 Qc7 11. Be3 Nc5 12. b4 Ne6 13. Qb3 Bd7 14. Rab1 b5 15. cxb5
cxb5 16. d4 exd4 17. Nxd4 Nxd4 18. Bxd4 Rac8 19. Qb2 Bc6 20. Nxb5 Bxb5 21. Bxf6
Bxf6 22. Qxf6 Qb6 23. Rbc1 Bc4 24. a3 Be6 25. h4 h5 26. Bf1 a5 27. Qb2 axb4 28.
Rxc8 Bxc8 29. Qxb4 Qxb4 30. axb4 Bb7 31. f3 f5 32. Bd3 fxe4 33. fxe4 Rc8 34.
Kf2 Rc3 35. Ke2 Kf7 36. Kd2 Ra3 37. Rc1 Ke6 38. Rc7 Ba6 39. b5 Bxb5 40. Bxb5
Rxg3 41. Bc6 Rg2+ 42. Ke3 Rh2 43. Bd5+ Ke5 44. Re7+ Kf6 45. Re6+ Kg7 46. Rxd6
Rxh4 47. e5 Rh3+ 48. Kd4 Rh4+ 49. Be4 Kf7 50. Rf6+ 1-0

[Event "BL 1011 Hamburger SK - SK Delmenhorst"]
[Site "?"]
[Date "2010.10.10"]
[Round "2.2"]
[White "Kempinski, Robert"]
[Black "Warakomski, Tomasz"]
[Result "1-0"]
[WhiteElo "2615"]
[BlackElo "2468"]
[PlyCount "75"]
[EventDate "2010.??.??"]

1. Nf3 d5 2. d4 Nf6 3. c4 e6 4. Nc3 Bb4 5. cxd5 exd5 6. Bg5 h6 7. Bh4 g5 8. Bg3
Ne4 9. Nd2 Nxg3 10. hxg3 c6 11. Qc2 Be6 12. a3 Bf8 13. e3 Nd7 14. Bd3 Bg7 15.
b4 a5 16. O-O h5 17. Nb3 h4 18. gxh4 axb4 19. axb4 Rxh4 20. Bf5 Ke7 21. Rxa8
Qxa8 22. Ne2 Nf6 23. Ng3 Nh5 24. Qc5+ Kd7 25. Ra1 Qb8 26. b5 cxb5 27. Qxd5+ Ke7
28. Qc5+ Qd6 29. Bxe6 Qxc5 30. Nxc5 Nxg3 31. fxg3 Rxd4 32. Rc1 Rd6 33. Bf5 b4
34. Nxb7 Rb6 35. Rc7+ Kf6 36. g4 Bf8 37. Nd8 Be7 38. Rc6+ 1-0

[Event "BL 1011 Hamburger SK - SK Delmenhorst"]
[Site "?"]
[Date "2010.10.10"]
[Round "2.3"]
[White "Jugelt, Tobias"]
[Black "Baramidze, David"]
[Result "0-1"]
[WhiteElo "2409"]
[BlackElo "2542"]
[PlyCount "150"]
[EventDate "2010.??.??"]

1. d4 d5 2. Bf4 c5 3. e3 Nc6 4. c3 Nf6 5. Bd3 Qb6 6. b3 Bg4 7. Be2 Bxe2 8. Qxe2
cxd4 9. exd4 e6 10. Nf3 Be7 11. O-O O-O 12. Nbd2 Rac8 13. h3 Rfd8 14. Rfb1 Na5
15. Rc1 Nd7 16. Kf1 Ba3 17. Rc2 Nc6 18. Nb1 Bf8 19. Nbd2 g6 20. Qd3 Bg7 21. Re1
Re8 22. Rcc1 a6 23. a4 Na5 24. Rb1 Qc6 25. b4 Nc4 26. b5 axb5 27. axb5 Nxd2+
28. Bxd2 Qc7 29. Ra1 Nb6 30. Reb1 Nc4 31. Be1 Nd6 32. Ra4 Ra8 33. Qc2 Rec8 34.
Qa2 Qd8 35. Ra1 Rxa4 36. Qxa4 Qe8 37. Bd2 Qxb5+ 38. Qxb5 Nxb5 39. Rb1 Nd6 40.
Bf4 Bf8 41. Bxd6 Bxd6 42. Rxb7 Rxc3 43. Ng5 Bc7 44. Ke2 h6 45. Nf3 Bf4 46. g3
Rc2+ 47. Kf1 Bc7 48. Ne1 Rc6 49. Ke2 g5 50. Nf3 Kg7 51. h4 g4 52. Ne1 Bb6 53.
Kd3 Ba5 54. Ng2 Rc3+ 55. Ke2 Rc2+ 56. Ke3 Ra2 57. Rb1 Bd2+ 58. Kd3 h5 59. Ne3
Bxe3 60. Kxe3 Ra3+ 61. Ke2 Kg6 62. Rb7 f6 63. Rb6 Kf5 64. Rc6 Ra2+ 65. Ke3 e5
66. dxe5 fxe5 67. Rc8 d4+ 68. Kd3 Ra3+ 69. Ke2 Ke4 70. Rd8 Ra2+ 71. Kf1 Kd3 72.
Rd5 Ra1+ 73. Kg2 Ke4 74. Rd8 d3 75. Rd7 Ra4 0-1

[Event "BL 1011 Hamburger SK - SK Delmenhorst"]
[Site "?"]
[Date "2010.10.10"]
[Round "2.4"]
[White "Ftacnik, Lubomir Dr"]
[Black "Lammers, Markus"]
[Result "1-0"]
[WhiteElo "2568"]
[BlackElo "2395"]
[PlyCount "83"]
[EventDate "2010.??.??"]

1. c4 Nf6 2. Nf3 e6 3. Nc3 c5 4. g3 b6 5. Bg2 Bb7 6. O-O Be7 7. d4 cxd4 8. Qxd4
d6 9. Rd1 a6 10. b3 Nbd7 11. e4 O-O 12. Ba3 Nc5 13. e5 dxe5 14. Qxd8 Rfxd8 15.
Nxe5 Bxg2 16. Kxg2 Bf8 17. Bxc5 bxc5 18. f4 Ne8 19. Ne4 Rac8 20. Rd7 f6 21.
Rad1 Rxd7 22. Nxd7 Be7 23. Nb6 Rc6 24. Rd7 Bf8 25. Rd8 Rxb6 26. Rxe8 Rc6 27.
Rb8 h6 28. a4 Kf7 29. a5 f5 30. Nf2 Rd6 31. Kf3 Rd2 32. Rb6 g5 33. Ke3 Ra2 34.
Nd3 Rxa5 35. Ne5+ Kf6 36. Rb7 Be7 37. Rxe7 Kxe7 38. Nc6+ Kd6 39. Nxa5 Kc7 40.
fxg5 hxg5 41. h4 f4+ 42. Kf3 1-0

[Event "BL 1011 Hamburger SK - SK Delmenhorst"]
[Site "?"]
[Date "2010.10.10"]
[Round "2.5"]
[White "Luch, Michal"]
[Black "Mueller, Karsten Dr"]
[Result "1/2-1/2"]
[WhiteElo "2385"]
[BlackElo "2525"]
[PlyCount "43"]
[EventDate "2010.??.??"]

1. d4 Nf6 2. c4 c5 3. d5 e6 4. Nc3 exd5 5. cxd5 d6 6. e4 g6 7. h3 Bg7 8. Bd3
O-O 9. Nf3 Nbd7 10. Bf4 Qe7 11. O-O Nh5 12. Bh2 Bh6 13. Re1 f6 14. Bf1 Ne5 15.
g3 Bd7 16. Kg2 Qe8 17. Ng1 g5 18. Be2 Ng7 19. f4 Ng6 20. f5 Ne5 21. a4 a6 22.
a5 1/2-1/2

[Event "BL 1011 Hamburger SK - SK Delmenhorst"]
[Site "?"]
[Date "2010.10.10"]
[Round "2.6"]
[White "Heinemann, Thies"]
[Black "Meyer, Malte"]
[Result "1/2-1/2"]
[WhiteElo "2488"]
[BlackElo "2348"]
[PlyCount "49"]
[EventDate "2010.??.??"]

1. e4 e5 2. Nf3 Nf6 3. Nc3 Nc6 4. d4 exd4 5. Nxd4 Bb4 6. Nxc6 bxc6 7. Bd3 d5 8.
exd5 cxd5 9. O-O O-O 10. Bg5 c6 11. Qf3 Bd6 12. h3 Rb8 13. Rab1 h6 14. Bf4 Re8
15. b3 c5 16. Rfe1 Rxe1+ 17. Rxe1 Be6 18. Rd1 Bxf4 19. Qxf4 Rb4 20. Qe5 Qb8 21.
Qxb8+ Rxb8 22. Be2 Kf8 23. Bf3 d4 24. Na4 Rc8 25. c3 1/2-1/2

[Event "BL 1011 Hamburger SK - SK Delmenhorst"]
[Site "?"]
[Date "2010.10.10"]
[Round "2.7"]
[White "Mossakowski, Florian"]
[Black "Reeh, Oliver"]
[Result "0-1"]
[WhiteElo "2335"]
[BlackElo "2454"]
[PlyCount "106"]
[EventDate "2010.??.??"]

1. e4 e5 2. Nf3 Nc6 3. Bb5 Bc5 4. O-O Nd4 5. Nxd4 Bxd4 6. c3 Bb6 7. d4 c6 8.
Ba4 d6 9. dxe5 dxe5 10. Qxd8+ Kxd8 11. Re1 Nf6 12. Be3 Bxe3 13. Rxe3 Ke7 14.
Nd2 Rd8 15. Nf3 Ng4 16. Ree1 f6 17. Red1 Rxd1+ 18. Rxd1 a5 19. Nd2 b5 20. Bc2
a4 21. a3 Nh6 22. Nf1 Nf7 23. Ne3 Nd6 24. Kf1 g6 25. g3 Bh3+ 26. Ke2 h5 27. Bd3
f5 28. f3 Rf8 29. Rg1 Rh8 30. Bb1 Kf6 31. Rd1 Ke6 32. exf5+ gxf5 33. c4 f4 34.
gxf4 exf4 35. c5 Nb7 36. Nc2 Nxc5 37. Nd4+ Kf6 38. Nxc6 Rg8 39. Rd6+ Ne6 40.
Ba2 Rg2+ 41. Ke1 Rxb2 42. Nb4 Rxh2 43. Rb6 h4 44. Rxb5 Nd4 45. Rb6+ Kg5 46. Bd5
Bf5 47. Rb8 h3 48. Rg8+ Kf6 49. Ba8 Re2+ 50. Kf1 h2 51. Rh8 Rb2 52. Be4 Bxe4
53. fxe4 f3 0-1

[Event "BL 1011 Hamburger SK - SK Delmenhorst"]
[Site "?"]
[Date "2010.10.10"]
[Round "2.8"]
[White "Sebastian, Dirk"]
[Black "Margraf, Daniel"]
[Result "1-0"]
[WhiteElo "2439"]
[BlackElo "2264"]
[PlyCount "87"]
[EventDate "2010.??.??"]

1. e4 e5 2. Nf3 Nf6 3. Nc3 Nc6 4. d4 exd4 5. Nxd4 Bb4 6. Nxc6 bxc6 7. Bd3 d5 8.
exd5 cxd5 9. O-O O-O 10. Bg5 c6 11. Qf3 Re8 12. h3 h6 13. Bxf6 Qxf6 14. Qxf6
gxf6 15. Ne2 Rb8 16. Ng3 Re5 17. f4 Re3 18. Kh2 c5 19. a3 Ba5 20. b4 c4 21.
Bxc4 dxc4 22. bxa5 Bd7 23. Rab1 Rb5 24. Rfd1 Rxa3 25. Rxb5 Bxb5 26. Rd8+ Kh7
27. Rf8 Kg7 28. Rb8 Rxa5 29. Nh5+ Kh7 30. f5 Bc6 31. g4 Ra2 32. Nxf6+ Kg7 33.
Nh5+ Kh7 34. Nf6+ Kg7 35. Nh5+ Kh7 36. Rc8 Rxc2+ 37. Kg3 Bb5 38. h4 f6 39.
Nxf6+ Kg7 40. g5 hxg5 41. hxg5 Rc1 42. Rc7+ Kf8 43. g6 Rg1+ 44. Kf2 1-0

[Event "BL 1011 Schachfr. Berlin - Werder Breme"]
[Site "?"]
[Date "2010.10.10"]
[Round "2.2"]
[White "Lauber, Arnd"]
[Black "Fressinet, Laurent"]
[Result "0-1"]
[WhiteElo "2497"]
[BlackElo "2718"]
[PlyCount "64"]
[EventDate "2010.??.??"]

1. d4 d6 2. c4 e5 3. Nf3 Nd7 4. e4 Ngf6 5. Nc3 g6 6. Be2 Bg7 7. O-O O-O 8. Re1
Re8 9. Bf1 a6 10. d5 a5 11. Rb1 Nc5 12. b3 Bd7 13. a3 a4 14. b4 Nb3 15. Nxa4
Nxc1 16. Nc3 Na2 17. Nxa2 Rxa3 18. Qc2 Rxf3 19. gxf3 Nh5 20. Nc1 Nf4 21. Nd3
Bh6 22. Nxf4 Bxf4 23. Bg2 Qh4 24. Kf1 Qxh2 25. Ke2 Qxg2 26. Rg1 Qh3 27. Rh1 Bh2
28. Rbg1 Ra8 29. Rg3 Qh5 30. Qb2 f5 31. exf5 Bxf5 32. Rg2 Bd3+ 0-1

[Event "BL 1011 Schachfr. Berlin - Werder Breme"]
[Site "?"]
[Date "2010.10.10"]
[Round "2.4"]
[White "Berndt, Stephan"]
[Black "Areshchenko, Alexander"]
[Result "1/2-1/2"]
[WhiteElo "2442"]
[BlackElo "2664"]
[PlyCount "43"]
[EventDate "2010.??.??"]

1. e4 c5 2. Nf3 d6 3. d4 cxd4 4. Nxd4 Nf6 5. Nc3 a6 6. Bc4 e6 7. Bb3 Nbd7 8.
Bg5 Nc5 9. f4 Be7 10. Qf3 Qc7 11. O-O-O b5 12. Rhe1 Bb7 13. f5 Nxb3+ 14. axb3
e5 15. Bxf6 Bxf6 16. Nd5 Qa5 17. Nxf6+ gxf6 18. Ne2 Qa1+ 19. Kd2 Qa5+ 20. Kc1
Qa1+ 21. Kd2 Qa5+ 22. Kc1 1/2-1/2

[Event "BL 1011 Schachfr. Berlin - Werder Breme"]
[Site "?"]
[Date "2010.10.10"]
[Round "2.5"]
[White "Nyback, Tomi"]
[Black "Schneider, Ilja"]
[Result "1-0"]
[WhiteElo "2635"]
[BlackElo "2519"]
[PlyCount "65"]
[EventDate "2010.??.??"]

1. d4 Nf6 2. c4 c6 3. Nf3 d5 4. e3 Bf5 5. Nc3 e6 6. Nh4 Be4 7. f3 Bg6 8. Qb3
Qc7 9. Bd2 Be7 10. g3 Nbd7 11. cxd5 Nxd5 12. Nxd5 exd5 13. Nxg6 hxg6 14. O-O-O
Nf6 15. Kb1 Bd6 16. Bd3 O-O-O 17. Qa4 Kb8 18. Ba5 b6 19. Bd2 b5 20. Qc2 Rh3 21.
e4 dxe4 22. fxe4 Ng4 23. Bc1 Rdh8 24. e5 Be7 25. Be4 f5 26. exf6 Nxf6 27. Bxc6
Rc8 28. Qg2 Qxc6 29. Qxh3 Nd5 30. Bf4+ Nxf4 31. gxf4 Bf6 32. Qd3 Qd5 33. Rhe1
1-0

[Event "BL 1011 Schachfr. Berlin - Werder Breme"]
[Site "?"]
[Date "2010.10.10"]
[Round "2.6"]
[White "Agopov, Mikail"]
[Black "Hracek, Zbynek"]
[Result "1/2-1/2"]
[WhiteElo "2419"]
[BlackElo "2633"]
[PlyCount "77"]
[EventDate "2010.??.??"]

1. e4 c5 2. Nf3 d6 3. d4 cxd4 4. Nxd4 Nf6 5. Nc3 a6 6. Be2 e5 7. Nb3 Be7 8. O-O
Be6 9. Re1 Nbd7 10. Bf3 h6 11. a4 Rc8 12. Nd2 Nf8 13. Nf1 N8h7 14. h3 Ng5 15.
Bg4 Nxg4 16. hxg4 Qd7 17. Ne3 Rxc3 18. bxc3 Nxe4 19. Ba3 Nxc3 20. Qd3 Nxa4 21.
Nf5 Bxf5 22. gxf5 O-O 23. f6 Bxf6 24. Qxd6 Rd8 25. Qb4 b5 26. Rad1 Qxd1 27.
Rxd1 Rxd1+ 28. Kh2 Rd8 29. Qa5 Ra8 30. c4 Bd8 31. Qb4 Bb6 32. cxb5 axb5 33.
Qxb5 Bd4 34. Bd6 Nc3 35. Qc6 Rd8 36. Be7 Rb8 37. Bd6 Rd8 38. Be7 Rb8 39. Bd6
1/2-1/2

[Event "BL 1011 Schachfr. Berlin - Werder Breme"]
[Site "?"]
[Date "2010.10.10"]
[Round "2.7"]
[White "Feller, Sebastien"]
[Black "Thiede, Lars"]
[Result "1/2-1/2"]
[WhiteElo "2649"]
[BlackElo "2445"]
[PlyCount "104"]
[EventDate "2010.??.??"]

1. d4 g6 2. c4 Bg7 3. e4 d6 4. Nc3 Nf6 5. Bd3 O-O 6. Nge2 Nc6 7. O-O e5 8. d5
Nd4 9. Bc2 Ne8 10. Be3 Nxc2 11. Qxc2 f5 12. exf5 gxf5 13. f4 Bd7 14. Qd2 Nf6
15. h3 Qe8 16. Rf3 Kh8 17. Raf1 Nh5 18. Ng3 exf4 19. Nxh5 fxe3 20. Nxg7 exd2
21. Nxe8 Raxe8 22. Kf2 Re1 23. Rxe1 dxe1=Q+ 24. Kxe1 Re8+ 25. Kf2 Kg7 26. Rf4
Kf6 27. b3 Re7 28. g3 Ke5 29. Rh4 c6 30. dxc6 Bxc6 31. Ne2 Be4 32. Rh6 b5 33.
cxb5 Rc7 34. Ke3 d5 35. Rc6 d4+ 36. Nxd4 Bxc6 37. Nxc6+ Kf6 38. a4 h5 39. b4
Rg7 40. Kf4 Rb7 41. Ke3 Rd7 42. a5 Ke6 43. Kf4 Kd6 44. Nd4 Rf7 45. Nxf5+ Ke6
46. g4 hxg4 47. hxg4 Kd5 48. Ke3 Rb7 49. b6 axb6 50. axb6 Rxb6 51. Kf4 Rxb4+
52. Kg5 Rxg4+ 1/2-1/2

[Event "BL 1011 Schachfr. Berlin - Werder Breme"]
[Site "?"]
[Date "2010.10.10"]
[Round "2.8"]
[White "Poldauf, Dirk"]
[Black "Babula, Vlastimil"]
[Result "1/2-1/2"]
[WhiteElo "2390"]
[BlackElo "2515"]
[PlyCount "56"]
[EventDate "2010.??.??"]

1. c4 e5 2. Nc3 Nf6 3. Nf3 Nc6 4. e4 Bc5 5. Nxe5 Nxe5 6. d4 Bb4 7. dxe5 Nxe4 8.
Qd3 Nxc3 9. bxc3 Ba5 10. Ba3 Qg5 11. Qd4 d6 12. exd6 O-O 13. Bd3 Re8+ 14. Kf1
cxd6 15. h4 Qh6 16. Bxd6 Bxc3 17. Qxc3 Qxd6 18. Rd1 Qc5 19. h5 h6 20. Rh4 Be6
21. Be2 Rac8 22. Re4 Red8 23. Rxd8+ Rxd8 24. Re3 b6 25. Rd3 Rc8 26. Rg3 Qf8 27.
Qd4 Rc5 28. Kg1 Kh8 1/2-1/2

[Event "BL 1011 Solinger SG - SC Eppingen"]
[Site "?"]
[Date "2010.10.10"]
[Round "2.1"]
[White "Postny, Evgeny"]
[Black "Sandipan, Chanda"]
[Result "0-1"]
[WhiteElo "2595"]
[BlackElo "2641"]
[PlyCount "84"]
[EventDate "2010.??.??"]

1. d4 d5 2. c4 c6 3. Nf3 Nf6 4. e3 Bg4 5. Qb3 Qb6 6. Nc3 e6 7. Nh4 Bh5 8. h3 g5
9. g4 gxh4 10. gxh5 Na6 11. Bd2 Rg8 12. O-O-O Qxb3 13. axb3 Ne4 14. Nxe4 dxe4
15. Be2 Bb4 16. Bc3 f5 17. Rhg1 Kf7 18. d5 Bxc3 19. bxc3 Rxg1 20. dxe6+ Kf6 21.
Rxg1 Nc5 22. b4 Nxe6 23. Rd1 Rd8 24. Rxd8 Nxd8 25. c5 Nf7 26. Kd2 Ng5 27. Bf1
Ke5 28. Kc2 f4 29. Kd1 f3 30. Kd2 h6 31. Kc2 Nh7 32. Kd2 Nf6 33. Bc4 Nxh5 34.
Bf7 Nf6 35. Bc4 Nh7 36. Kd1 Ng5 37. Bf1 Kd5 38. Kd2 Nf7 39. c4+ Ke5 40. Kc3 h5
41. Kd2 Nh6 42. Ke1 Ng4 0-1

[Event "BL 1011 Solinger SG - SC Eppingen"]
[Site "?"]
[Date "2010.10.10"]
[Round "2.4"]
[White "Ragger, Markus"]
[Black "Braun, Arik"]
[Result "1-0"]
[WhiteElo "2628"]
[BlackElo "2538"]
[PlyCount "41"]
[EventDate "2010.??.??"]

1. c4 Nf6 2. Nf3 e6 3. g3 d5 4. d4 Bb4+ 5. Bd2 Bd6 6. Nc3 c6 7. Qc2 Nbd7 8. e4
dxe4 9. Nxe4 Nxe4 10. Qxe4 O-O 11. Bd3 Nf6 12. Qh4 b5 13. Bg5 h5 14. c5 Bxc5
15. O-O-O Be7 16. g4 Bb7 17. Bxf6 Bxf6 18. g5 c5 19. gxf6 Bxf3 20. Rhg1 g6 21.
Qg5 1-0